1875 1557 1498 1783 1088 1249 1992 1844 1770 1338 1855 1481 1406 1792 1009 1450 1574 1759 1329 1606 1408 1323 1067 1479 1040 1088 1875 1990 1435 1393 1856 1330 1852 1501 1631 1599 1962 1440 1088 1866 1735 1025 1522 1891 1797 1403 1128 1081 1823 1160 1689 1493 1682 1679 1851 1900 1498 1195 1940 1978 1370 1388 1113 1477 1052 1389 1398 1391 1815 1850 1615 1251 1674 1132 1532 1348 1491 1400 1206 1541 1516 2000 1812 1993 1461 1291 1591 1189 1989 1878 1432 1423 1963 1528 1702 1427 1999 1130 1817 BCNSPRNW ULIB Ver.6.0+V

เปลี่ยนเป็นภาษาไทย

Change to English
 แสดงรายละเอียดบรรณานุกรม
  กลับหน้าหลัก

Brief Record : Get Marc (ISO 2709) : E-mail record : QR code < ปิดหน้าต่าง
LEADER : 00000nam 2200000uu 4500
001    13399114679
003     ULIB
008    120429s2554||||th 000 0 tha d
020    ^a9789744176789
050    ^aGV1127.T5^bภ11
110 1  ^aกรมศิลปากร
245 00 ^aภูมิแผ่นดินมรดกไทย :^bพระบาทสมเด็จพระเจ้าอยู่หัวกับการเสด็จพระราชดำเนินแหล่งมรดกไทย /^cกรมศิลปากร ; บรรณาธิการ, อรสรา สายบัว .[และคนอื่น ๆ]
260    ^aกรุงเทพฯ :^bรุ่งศิลป์การพิมพ์,^c2554
300    ^a256 หน้า :^bภาพประกอบสี ;^c30 ซม.
700 0  ^aอรสรา สายบัว,^eบรรณาธิการ
710 2  ^aกรมศิลปากร
945    ^p0^l0^i18979
995    ^aเกษร
999    ^aใช้งานได้ทุกระบบ
รายการนี้ยังไม่มีแท็ก
คุณยังไม่ได้ล็อกอิน คุณสามารถมีกิจกรรมร่วมกับเว็บไซต์ได้ แต่ต้องล็อกอินก่อน ::
  ล็อกอิน

รายการสื่อสารสนเทศ

ลำดับที่ ประเภท เลขเรียก/บาร์โค้ด สถานที่ สถานะ
- ไม่พบข้อมูล -

BibComment


ยังไม่เคยถูกคอมเมนท์

คอมเมนท์ทรัพยากรรายการนี้
  คอมเมนท์: ภูมิแผ่นดินมรดกไ..


 Copyright 2026. Bcnsprnw @Library